000 00297 a2200145 4500
001 194887
040 _cMagnum
100 _aPRADO, Jane
240 1 0 _aCanta, Passarinho!
_lpor
245 1 0 _aCanta, Passarinho!
300 _a11
362 0 _a2020
697 _aLITERATURA INFANTIL
942 _cBK
999 _c194887
_d194887